Haiku de las cuatro estaciones / (Registro nro. 2710)
[ vista simple ]
| 000 -LEADER | |
|---|---|
| campo de control de longitud fija | 00576nam a22001937a 4500 |
| 001 - NÚMERO DE CONTROL | |
| campo de control | 2710 |
| 003 - IDENTIFICADOR DE NÚMERO DE CONTROL | |
| campo de control | HMS |
| 005 - FECHA Y HORA DE LA ÚLTIMA TRANSACCIÓN | |
| campo de control | 20250829114028.0 |
| 008 - DATOS DE LONGITUD FIJA--INFORMACIÓN GENERAL | |
| campo de control de longitud fija | 250829e1986 cl a|||gr|||| 00| p spa |
| 020 ## - NÚMERO INTERNACIONAL ESTÁNDAR DEL LIBRO | |
| Número Internacional Estándar del Libro | 8485639332 |
| 040 ## - FUENTE DE CATALOGACIÓN | |
| Centro catalogador/agencia de origen | hms |
| Lengua de catalogación | spa |
| Centro/agencia transcriptor | hms |
| 082 04 - NÚMERO DE LA CLASIFICACIÓN DECIMAL DEWEY | |
| Número de clasificación | 895.61 |
| Número de ítem | M434 |
| 100 1# - ENTRADA PRINCIPAL--NOMBRE DE PERSONA | |
| Nombre de persona | Matsuo, Basho, |
| Fechas asociadas al nombre | 1644-1694 |
| Término indicativo de función/relación | autor |
| 9 (RLIN) | 4099 |
| 245 10 - MENCIÓN DEL TÍTULO | |
| Título | Haiku de las cuatro estaciones / |
| Mención de responsabilidad, etc. | Matsuo Basho. |
| Medio | [libro] |
| 260 ## - PUBLICACIÓN, DISTRIBUCIÓN, ETC. | |
| Lugar de publicación, distribución, etc. | Madrid, España : |
| Nombre del editor, distribuidor, etc. | Miraguano Ediciones, |
| Fecha de publicación, distribución, etc. | 1986 |
| 300 ## - DESCRIPCIÓN FÍSICA | |
| Extensión | 91 páginas : |
| Otras características físicas | ilustraciones ; |
| Dimensiones | 20 cm. |
| 650 #7 - PUNTO DE ACCESO ADICIONAL DE MATERIA--TÉRMINO DE MATERIA | |
| Término de materia o nombre geográfico como elemento de entrada | Poesías japonesas |
| 9 (RLIN) | 4100 |
| 942 ## - ELEMENTOS DE ENTRADA SECUNDARIOS (KOHA) | |
| Fuente del sistema de clasificación o colocación | Clasificación Decimal Dewey |
| Tipo de ítem Koha | Colección General |
| Suprimir en OPAC | No |
| Estatus retirado | Estado de pérdida | Fuente del sistema de clasificación o colocación | Estado de daño | No para préstamo | Colección | Biblioteca de origen | Biblioteca actual | Ubicación en estantería | Fecha de adquisición | Fuente de adquisición | Número de inventario | Total de préstamos | Signatura topográfica completa | Código de barras | Visto por última vez | Copia número | Precio de reemplazo | Tipo de ítem Koha |
|---|---|---|---|---|---|---|---|---|---|---|---|---|---|---|---|---|---|---|
| Clasificación Decimal Dewey | Colección General | Biblioteca Hospital Militar de Santiago | Biblioteca Hospital Militar de Santiago | Full Space | 12/08/2003 | Donación | 001908 | 895.61 M434 1986 | 001908 | 29/08/2025 | c.1 | 29/08/2025 | Colección General |
